Due diligence – obligatórny nástroj finančného manažéra

Definícia due diligence. Investori a due diligence. Podnik a due diligence. Postup realizácie due diligence. Druhy due diligence. Význam due diligence pre investorov.

Gespeichert in:
Bibliographische Detailangaben
1. Verfasser: Sobeková Majková, Monika
Format: Buchkapitel
Sprache:Slowakisch
Schlagworte:
Tags: Tag hinzufügen
Keine Tags, Fügen Sie das erste Tag hinzu!

MARC

LEADER 00000naa a2200000 4500
001 0130204
005 20231103072738.1
041 0 |a slo 
044 |a SK 
245 1 0 |a Due diligence – obligatórny nástroj finančného manažéra  |c Monika Sobeková Majková 
520 |a Definícia due diligence. Investori a due diligence. Podnik a due diligence. Postup realizácie due diligence. Druhy due diligence. Význam due diligence pre investorov. 
610 2 0 |a podnik 
610 2 0 |a analýza ekonomická 
610 2 0 |a analýza finančná 
610 2 0 |a kontrola 
610 2 0 |a previerky 
610 2 0 |a fúzie 
610 2 0 |a akvizícia 
610 2 0 |a investori 
100 1 |a Sobeková Majková, Monika